000 00674nam a2200289Ia 4500
005 20260324141940.0
008 008 260324s9999 xx 000 0 eng d
020 _a9781315004471
037 _aEBOOK
040 _aCRL
040 _beng
040 _cCRL
041 _2eng
041 _aeng
084 _qCRL
100 _aJohn T. Shawcross
_91210117
245 0 _aJohn Milton
245 4 _bThe Critical Heritage Volume 2 1732-1801
260 _bTaylor and Francis
260 _c1996
365 _a
365 _b510
856 _uhttp://www.taylorfrancis.com/books/9781315004471
942 _cEBOOK
999 _c1813750
_d1813750